Culture Générale - Série 2548 - Statistiques

Statistiques générales
  • Ce quiz a été pris 252 fois
  • Le résultat moyen est 5 sur 10
Statistiques - réponses
Question Réponse % Correct
Quel volcan, entré en éruption en 79 ap. J.-C, a enseveli la ville de Pompéi ? Vésuve
98%
En quelle année le général de Gaulle quitte-t-il définitivement le pouvoir ? 1969
88%
Sur quelle ville japonaise les Etats Unis ont-ils largué la bombe atomique “Fat Man” le 9 août 1945 ? Nagasaki
88%
Dans quel pays un génocide a-t-il fait plus de 800 000 morts en quelques mois en 1994 ? Rwanda
80%
Dans les albums de Tintin, comment se prénomme le valet du capitaine Haddock au château de Moulinsart ? Nestor
50%
De quel pays Accra est-elle la capitale ? Ghana
49%
Quelle actrice française était surnommée "La grande sauterelle" ? prénom et nom - voir photo Mireille Darc
38%
Quel est le 1er joueur de football français à avoir remporté la Coupe d'Europe des clubs champions ? prénom et nom Raymond Kopa
21%
Quelle est la capitale française du parapluie ? Aurillac
9%
Quel prénom a été donné à la cloche la plus célèbre de Notre-Dame de Paris - doyen des bourdons, classé monument historique le 24 juillet 1944, en pleine bataille de Normandie ? Emmanuel
4%
Aucun quiz correspondant
Distribution des résultats
% des personnes avec chaque résultat
Percentile par nombre de réponses
Votre historique - résultats
Vous n’avez pas pris ce quiz